ÜBERSICHT DER INGENIEURGEOLOGISCHEN RAYONIERUNG IN DEN WESTKARPATEN

Bibliographic Details
Main Author: Matula, Milan, 1924-2016 (Author)
Format: Article
Language:German

MARC

LEADER 00000nab a2200000ua 4500
001 vtls010843071
003 SK-MaSNL
005 20260303135905.0
008 230218s1967 xo |||||||||||||||||ger|
035 |a (urnnbn)urn:nbn:sk:snk:ar-a0705g 
035 |a urn:nbn:sk:snk-ab658s 
035 |a (uuid)d3bd1950-5fcc-4c2c-829b-3ba1c2143a8e 
040 |a SNKBUCL  |b slo  |c SNKBUCL  |e AACR2 
041 0 |a ger 
044 |a xo  |c SK 
100 1 |a Matula, Milan,  |d 1924-2016  |4 aut  |9 37083 
245 1 0 |a ÜBERSICHT DER INGENIEURGEOLOGISCHEN RAYONIERUNG IN DEN WESTKARPATEN  |c Milan Matula 
773 0 |t Geologický sborník  |g Roč. 18, č. 1 (1967), s. 87-110 
958 |a OND 
958 |a EUIPO 
958 |a article5 
999 |c 1968641  |d 1970571